| 000 -LEADER |
| fixed length control field |
01538cam a2200337 a 4500 |
| 001 - CONTROL NUMBER |
| control field |
813625 |
| 003 - CONTROL NUMBER IDENTIFIER |
| control field |
OSt |
| 005 - DATE AND TIME OF LATEST TRANSACTION |
| control field |
20191206122916.0 |
| 008 - FIXED-LENGTH DATA ELEMENTS--GENERAL INFORMATION |
| fixed length control field |
190531s2018 enka c 000 1 eng d |
| 020 ## - INTERNATIONAL STANDARD BOOK NUMBER |
| International Standard Book Number |
9780008297244 |
| Qualifying information |
(paperback) : |
| 040 ## - CATALOGING SOURCE |
| Original cataloging agency |
TWTCL |
| Language of cataloging |
eng |
| Transcribing agency |
TWTCL |
| Description conventions |
aacr |
| 042 ## - AUTHENTICATION CODE |
| Authentication code |
nbic |
| 082 ## - DEWEY DECIMAL CLASSIFICATION NUMBER |
| Classification number |
FIC WAL |
| 100 1# - MAIN ENTRY--PERSONAL NAME |
| Personal name |
Walliams, David, |
| Dates associated with a name |
1971- |
| Relator term |
author |
| 245 14 - TITLE STATEMENT |
| Title |
The ice monster / |
| Statement of responsibility, etc. |
David Walliams ; illustrated by Tony Ross. |
| 264 #1 - PRODUCTION, PUBLICATION, DISTRIBUTION, MANUFACTURE, AND COPYRIGHT NOTICE |
| Place of production, publication, distribution, manufacture |
London : |
| Name of producer, publisher, distributor, manufacturer |
HarperCollins Children's Books, |
| Date of production, publication, distribution, manufacture, or copyright notice |
2018. |
| 300 ## - PHYSICAL DESCRIPTION |
| Extent |
478 pages : |
| Other physical details |
illustrations ; |
| Dimensions |
22 cm. |
| 336 ## - CONTENT TYPE |
| Content type term |
text |
| Content type code |
txt |
| Source |
rdacontent. |
| 337 ## - MEDIA TYPE |
| Media type term |
unmediated |
| Media type code |
n |
| Source |
rdamedia. |
| 338 ## - CARRIER TYPE |
| Carrier type term |
volume |
| Carrier type code |
nc |
| Source |
rdacarrier. |
| 500 ## - GENERAL NOTE |
| General note |
Includes notes about woolly mammoths and the real Victorian world. |
| 520 ## - SUMMARY, ETC. |
| Summary, etc. |
This is the story of a ten-year-old orphan and a 10,000-year-old mammoth…When Elsie, an orphan on the streets of Victorian London, hears about the mysterious Ice Monster – a woolly mammoth found at the North Pole – she's determined to discover more. A chance encounter brings Elsie face to face with the creature, and sparks the adventure of a lifetime – from London to the heart of the Arctic! |
| 521 ## - TARGET AUDIENCE NOTE |
| Target audience note |
9- |
| 600 00 - SUBJECT ADDED ENTRY--PERSONAL NAME |
| Personal name |
Victoria, |
| Titles and other words associated with a name |
Queen of Great Britain, |
| Dates associated with a name |
1819-1901 |
| Form subdivision |
Juvenile fiction. |
| 650 #0 - SUBJECT ADDED ENTRY--TOPICAL TERM |
| Topical term or geographic name entry element |
Orphans |
| General subdivision |
Juvenile fiction. |
| 650 #0 - SUBJECT ADDED ENTRY--TOPICAL TERM |
| Topical term or geographic name entry element |
Woolly mammoth |
| Form subdivision |
Juvenile fiction. |
| 651 #0 - SUBJECT ADDED ENTRY--GEOGRAPHIC NAME |
| Geographic name |
Great Britain |
| General subdivision |
History |
| Chronological subdivision |
Victoria, 1837-1901 |
| Form subdivision |
Juvenile fiction. |
| 653 ## - INDEX TERM--UNCONTROLLED |
| Uncontrolled term |
KF. |
| 700 1# - ADDED ENTRY--PERSONAL NAME |
| Personal name |
Ross, Tony, |
| Dates associated with a name |
1938- |
| Relator term |
Illustrator |
| 942 ## - ADDED ENTRY ELEMENTS (KOHA) |
| Source of classification or shelving scheme |
|
| Koha item type |
Books - Fiction |